000 00996cam a2200217 4500
001 WB3921-02
008 030605n2003 000 0 eng u
035 _a(Sirsi) u122529
245 _aCJDirectory of suppliers goes live
260 _c2003
490 _aContract Journal
_v418(6429) 4 June 2003, 6(1)
520 _aContract Journal has launched a free-to-use online database of suppliers to the construction industry. The new website lists 55 000 companies nationwide, offering 12 500 different products and services. It will also be available in CD format from August 2003. Relevant companies are entitled to free entry on the site. For more information t +44 (0)800 437 0371 or [email protected] new database can be accessed at http://www.cjdirectory.com
590 _aWB
650 _aBUILDING CONTRACTORS
650 _aWEBSITES
650 _aPRODUCT INFORMATION
650 _aDATABASE
650 _aSUPPLIERS
690 _aBUILT ENVIRONMENT
942 _n0
999 _c72831
_d72831